The swiss family Robinson / (Record no. 49560)
| 000 -LEADER | |
|---|---|
| fixed length control field | 00300nam a2200109 4500 |
| 020 ## - INTERNATIONAL STANDARD BOOK NUMBER | |
| International Standard Book Number | 9781774022153 |
| 100 ## - MAIN ENTRY--PERSONAL NAME | |
| Personal name | Wyss, Johann David |
| 9 (RLIN) | 86692 |
| 245 ## - TITLE STATEMENT | |
| Title | The swiss family Robinson / |
| Statement of responsibility, etc | Johann David Wyss |
| 260 ## - PUBLICATION, DISTRIBUTION, ETC. (IMPRINT) | |
| Place of publication, distribution, etc | China |
| Name of publisher, distributor, etc | Paper Mill Press |
| Date of publication, distribution, etc | 2022 |
| 300 ## - PHYSICAL DESCRIPTION | |
| Extent | 383 p. |
| Other physical details | ill. |
| Dimensions | 21 cm. |
| 942 ## - ADDED ENTRY ELEMENTS (KOHA) | |
| Source of classification or shelving scheme | |
| Koha item type | Book |
| Withdrawn status | Lost status | Source of classification or shelving scheme | Damaged status | Not for loan | Home library | Current library | Shelving location | Date acquired | Total Checkouts | Full call number | Barcode | Date last seen | Date checked out | Price effective from | Koha item type |
|---|---|---|---|---|---|---|---|---|---|---|---|---|---|---|---|
| Asian Hope Primary Library | Asian Hope Primary Library | Junior Fiction | 09/11/2025 | 4 | J FIC WYS | 208099 | 03/17/2026 | 03/03/2026 | 09/11/2025 | Book |